000 00602nam a2200205 i 4500
001 bgj
100 1 _aMITTENZWEI, Werner.
245 1 0 _aDas Leben des Bertolt Brecht.
_boder Der Umgang mit den Welträtseln.
_nErster Band /
_cWerner Mittenzwei.
260 _aFrankfurt am Main :
_bSuhrkamp Verlag,
_c1987.
300 _a774 S. ;
_c18 cm.
504 _aBibliographie S. 744-772.
600 1 9 _aBrecht, Bertolt, 1898-1956
655 _aBiographie
020 _a3518026712
040 _cBPK
041 0 _ager
920 _a3-518-02671-2
942 _cKS
008 s gw f |000 0 ger
999 _c50348
_d50348
856 _uhttp://koha.tu.koszalin.pl/cgi-bin/koha/opac-detail.pl?biblionumber=50348
_yKatalog online BPK